000
00270 a2200133 4500
001
190548
020
_a
M 5769-537-S
040
_c
Magnum
240
1
0
_a
Sleeping beauty
_l
ING
245
1
0
_a
Sleeping beauty
300
_a
29
697
_a
LITERATURA INGLESA
942
_c
BK
999
_c
190548
_d
190548